[Event "Yerevan ol (Men)"]
[Site "Yerevan"]
[Date "1996.??.??"]
[Round "4"]
[White "Borgo, Giulio"]
[Black "Mamadshoev, Marat"]
[Result "1-0"]
[WhiteElo "2375"]
[BlackElo "2315"]

1.e4 c5 2.Nf3 e6 3.d4 cxd4 4.Nxd4 Nc6 5.Nc3 Qc7 6.Nxc6 bxc6 7.Bd3 Nf6 8.O-O Be7
9.f4 d6 10.Kh1 O-O 11.b3 e5 12.Qf3 exf4 13.Qxf4 Ng4 14.Bb2 Bf6 15.Nd1 Be5
16.Bxe5 Nxe5 17.Ne3 Be6 18.Be2 Rad8 19.Rfd1 Qe7 20.c4 c5 21.Rd2 a5 22.Rad1 Rd7
23.h3 g6 24.Bg4 Kg7 25.Bxe6 Qxe6 26.Nd5 f5 27.Nc3 Rf6 28.Nb5 Nf7 29.exf5 Rxf5
30.Qg3 Re5 31.Rd3 h5 32.Kh2 Kh7 33.Rf1 Nh6 34.Nc3 Nf5 35.Qf4 Ne3 36.Rxe3 Rxe3
37.Nd5 Re5 38.Nf6+ Kg7 39.Nxd7 Qxd7 40.Qf8+  1-0

[Event "Yerevan ol (Men)"]
[Site "Yerevan"]
[Date "1996.??.??"]
[Round "5"]
[White "Arias, Jorge"]
[Black "Al Khateeb, Ahmed"]
[Result "0-1"]
[WhiteElo "2030"]
[BlackElo "2320"]

1.e4 c5 2.Nf3 e6 3.d4 cxd4 4.Nxd4 Nc6 5.Nc3 Qc7 6.Be2 a6 7.Be3 Nf6 8.O-O Bb4
9.Nxc6 Qxc6 10.Bf3 Bxc3 11.bxc3 Qxc3 12.Qd6 Qc6 13.e5 Nd5 14.Bxd5 exd5 15.Bb6 h5
16.Bc5 Qxd6 17.exd6 b5 18.Rfe1+ Kf8 19.Re7 Rh6 20.Rae1 Kg8 21.R1e5 Re6 22.Rxd5 Bb7
23.Rxh5 Rc8 24.f3 g6 25.Rxe6 fxe6 26.Rg5 Kf7 27.c3 Bd5 28.Bb4 Bxa2 29.Kf2 Kf6
30.f4 Rc6 31.h4 Bc4 32.Rc5 Rxc5 33.Bxc5 Kf5 34.g3 Ke4 35.Bb4 Bb3 36.Ba5 Bd1
37.Bb4 Bg4 38.Ba5 Kd3 39.Bb4 Kc2 40.Ke3 Kd1 41.Kf2 Kc2 42.Ke3 Kb3 43.Kd2 Bf5
44.Kc1 Be4 45.Ba5 Ka4 46.Bb4 a5 47.Bc5 Kb3 48.Bd4 a4 49.g4 Bf3 50.Kb1 Bxg4
51.Bf6 Bf5+ 52.Ka1 Bd3 53.Be5 Kc4 54.Bf6 Kb3 55.Be5 Bc4 56.Bf6 Kc2 57.Bg7 Bd5
58.Bh8 Kd3 59.Bf6 Ke4 60.Bg5 a3 61.Kb1 Bb3 62.Ka1 Kd5 63.Be7 Kc5 64.Kb1 Bd5
65.Ka1 Kc4 66.Bf6 Kd3 67.Bg7 Ke3 68.Bh6 Kf3 69.Bg5 Bb3 70.Kb1 Ke4 71.Ka1 Kd5
72.Be7 Kc5 73.Kb1 e5 74.fxe5 Be6 75.Bg5 Kc4 76.Bd2 Kb3 77.Ka1 Kc2 78.Be1 Bc4
79.e6 Bxe6 80.c4 Bxc4  0-1

[Event "Yerevan ol (Men)"]
[Site "Yerevan"]
[Date "1996.??.??"]
[Round "5"]
[White "Minasian, Artashes"]
[Black "Kotsur, Pavel"]
[Result "1/2-1/2"]
[WhiteElo "2540"]
[BlackElo "2505"]

1.e4 c5 2.Nf3 e6 3.d4 cxd4 4.Nxd4 Nc6 5.Nc3 a6 6.g3 d6 7.Bg2 Bd7 8.O-O Nf6
9.b3 Be7 10.Bb2 Rc8 11.Nde2 O-O 12.Qd2 b5 13.Nd1 Qb6 14.Ne3 Rfd8 15.h3 Be8
16.Rad1 Ne5 17.f4 Ned7 18.Bd4 Qc7 19.g4 Nc5 20.Ng3 Bc6 21.Bxf6 Bxf6 22.g5 Be7
23.Qe2 e5 24.Nef5 Ne6 25.Nh5 Bf8 26.Qg4 Kh8 27.Nfg3 exf4 28.Nxf4 Bd7 29.Nd5 Qxc2
30.Rxf7 Nxg5 31.Rxd7 Rxd7 32.Ne3 Qc5 33.Qxd7 Qxe3+ 34.Kh1 Rc1 35.Rxc1 Qxc1+
36.Kh2 Qf4 37.Qf5 Qxf5 38.exf5 Nf7 39.Bd5 Ne5 40.b4 Nd3 41.a3 Ne5 42.Ne4 Be7
43.Bb7 Nc4 44.Bxa6 Nxa3 45.Nc3 Bf6 46.Nd5 Be5+ 47.Kg2 h5 48.Kf3 Kh7 49.Ke4 Kh6
50.Nc7 Kg5 51.Bxb5 Bc3 52.Bd3 Bxb4 53.Ne6+ Kf6 54.Nf4 Kg5 55.Kf3 Bc3 56.Nd5 Be5
57.Ne7 Kf6 58.Nd5+ Kg5 59.Ne3 Kh4 60.Kg2 Bf4 61.Nd5 Be5 62.Ne7 Kg5 63.Kf3  1/2-1/2

[Event "Yerevan op"]
[Site "Yerevan"]
[Date "1996.??.??"]
[Round "5"]
[White "Khalafian, Erua"]
[Black "Al Modiahki, Mohamad"]
[Result "0-1"]
[WhiteElo "2115"]
[BlackElo "2425"]

1.e4 c5 2.Nf3 e6 3.d4 cxd4 4.Nxd4 Nc6 5.Nc3 Qc7 6.Be3 a6 7.Be2 Nf6 8.O-O Bb4
9.Nxc6 bxc6 10.Na4 O-O 11.f4 Be7 12.Nb6 Rb8 13.Nxc8 Qxc8 14.Bd3 c5 15.c4 Rxb2
16.Bc1 Rb8 17.e5 Ne8 18.f5 f6 19.Qh5 fxe5 20.f6 Nxf6 21.Rxf6 Rxf6 22.Qxh7+ Kf7
23.Qh5+ g6 24.Qh7+ Ke8 25.Bg5 Kd8 26.Bxf6 Bxf6 27.Rf1 Be7 28.Rf7 Bd6 29.Qxg6 Qc6
30.h4 Qa4 31.h5 e4 32.Bxe4 Qd1+ 33.Rf1 Qd4+ 34.Kh1 Kc7 35.h6 Qxc4 36.Rd1 Rf8
37.Rxd6 Qf1+ 38.Kh2 Qf4+ 39.g3 Qxd6 40.h7 Qd4 41.Qg8 Qxe4 42.Qxf8 Qxh7+ 43.Kg2 Qc2+
44.Kg1 Qb1+ 45.Kh2 Qxa2+ 46.Kh3 Qd5 47.g4 c4 48.Qf4+ e5 49.Qf6 c3 50.Qxa6 c2
51.Qa7+ Kd8 52.Qb6+ Ke7 53.Qg1 Qd2 54.Qc5+ Kf7 55.Qc4+ Kg7  0-1

[Event "Yerevan ol (Women)"]
[Site "Yerevan"]
[Date "1996.??.??"]
[Round "6"]
[White "Thipsay, Bagyashree Sathe"]
[Black "Bojkovic, Natasa"]
[Result "1/2-1/2"]
[WhiteElo "2200"]
[BlackElo "2405"]

1.e4 c5 2.Nf3 e6 3.d4 cxd4 4.Nxd4 Nc6 5.Nc3 Qc7 6.Be3 a6 7.Be2 Nf6 8.O-O Bb4
9.Na4 Be7 10.Nxc6 bxc6 11.Nb6 Rb8 12.Nxc8 Qxc8 13.e5 Nd5 14.Bc1 Bc5 15.c4 Ne7
16.b3 Qc7 17.Bb2 d6 18.exd6 Bxd6 19.g3 Be5 20.Bxe5 Qxe5 21.Bf3 Rd8 22.Qe1 Qxe1
23.Rfxe1 Kd7 24.Red1+ Kc7 25.Be4 c5 26.Kf1 g6 27.f4 Nc8 28.Ke2 Nd6 29.Bc2 a5
30.Rd2 Nc8 31.Rad1 Ne7 32.Rxd8 Rxd8 33.Rxd8 Kxd8 34.Be4 Kc7 35.Kd3 Kd6 36.Kc3 Nc8
37.a3 Nb6 38.b4 axb4+ 39.axb4 Nd7 40.Bg2 f5 41.b5 Nb6 42.Bf1 e5 43.Kd2 Ke6
44.Ke3 Kf6 45.h4 h6 46.Be2 g5 47.hxg5+ hxg5 48.Bf1 gxf4+ 49.gxf4 e4 50.Kf2 Kg6
51.Kg3 Nd7 52.Be2 Nb6 53.Bf1 Nd7 54.Be2  1/2-1/2

[Event "Yerevan ol (Men)"]
[Site "Yerevan"]
[Date "1996.??.??"]
[Round "6"]
[White "Foo Hsiang Ming"]
[Black "Hamid, Mansour Kadi"]
[Result "1-0"]
[WhiteElo "2195"]
[BlackElo "2300"]

1.e4 c5 2.Nf3 e6 3.d4 cxd4 4.Nxd4 Nc6 5.Nc3 Qc7 6.Be3 a6 7.g3 d6 8.Bg2 Be7
9.O-O Bd7 10.a4 Nf6 11.f4 O-O 12.Nb3 Rac8 13.Kh1 Nb4 14.a5 Be8 15.Rf2 d5
16.Bb6 Qb8 17.exd5 Nfxd5 18.Nxd5 Nxd5 19.Bxd5 exd5 20.Nd4 Bf6 21.Qg4 Rc4
22.c3 Qd6 23.Re1 Bd7 24.Qf3 Bxd4 25.Bxd4 Bf5 26.Qh5 Be4+ 27.Kg1 f5 28.Rd2 Qd7
29.Be5 Rc6 30.Rd4 b6 31.Qe2 bxa5 32.Ra1 Qb7 33.Rxa5 Rb6 34.b4 Rb5 35.Ra1 Qb6
36.Qa2 Ra8 37.Qf2 Qe6 38.Rd2 d4 39.Rxd4 Bb7 40.Rd6 Qf7 41.Rad1 Rd5 42.R1xd5 Bxd5
43.Qd4 Be6 44.Bxg7 Re8 45.Be5 Qb7 46.Rd8 Kf7 47.Bh8 Kf8 48.Bg7+  1-0

[Event "Yerevan ol (Men)"]
[Site "Yerevan"]
[Date "1996.??.??"]
[Round "6"]
[White "Hakki, Imad"]
[Black "Peralta, Eduardo"]
[Result "1-0"]
[WhiteElo "2380"]
[BlackElo "2350"]

1.e4 c5 2.Nf3 e6 3.d4 cxd4 4.Nxd4 Nc6 5.Nc3 Qc7 6.g3 a6 7.Bg2 d6 8.O-O Nf6
9.Re1 Bd7 10.Nxc6 Bxc6 11.Nd5 Qd8 12.Be3 Nd7 13.c4 Be7 14.Bd4 O-O 15.Rc1 e5
16.Be3 Rc8 17.Qd2 Re8 18.Red1 Bf8 19.Bg5 f6 20.Be3 Kh8 21.h4 b5 22.cxb5 axb5
23.Bh3 Bb7 24.Rxc8 Bxc8 25.Rc1 Be7 26.Rxc8 Qxc8 27.Nb6 Qb7 28.Bxd7 Rd8 29.Bxb5 Qxe4
30.Nd5 Bf8 31.b3 f5 32.Bc4 h6 33.Kh2 Rd7 34.Nc3 Qf3 35.Qd5  1-0

[Event "Yerevan ol (Men)"]
[Site "Yerevan"]
[Date "1996.??.??"]
[Round "6"]
[White "Heidenfeld, Mark"]
[Black "Menghi, Carlo"]
[Result "1/2-1/2"]
[WhiteElo "2320"]
[BlackElo "2245"]

1.e4 c5 2.Nf3 e6 3.d4 cxd4 4.Nxd4 Nc6 5.Nc3 a6 6.g3 d6 7.Bg2 Nf6 8.O-O Qc7
9.Be3 Be7 10.Nxc6 bxc6 11.Na4 Rb8 12.c4 c5 13.b3 Bb7 14.Qc2 O-O 15.h3 Nd7
16.Rad1 Ne5 17.f4 Nc6 18.Qf2 Rbc8 19.e5 Na5 20.exd6 Bxd6 21.Rd2 Bc6 22.Rfd1 Nb7
23.Nc3 Bxg2 24.Kxg2 f5 25.Qf3 Qc6 26.Qxc6 Rxc6 27.Kf3 Re8 28.Re2 Kf7 29.Na4 Re7
30.Bc1 Bc7 31.Bb2 Nd6 32.Red2 Ne4 33.Rd7 g6 34.Nc3 Nf6 35.Rxe7+ Kxe7 36.Na4 Ne4
37.Nc3 Nxc3 38.Bxc3 Rd6 39.Rxd6 Bxd6  1/2-1/2

[Event "Yerevan ol (Men)"]
[Site "Yerevan"]
[Date "1996.??.??"]
[Round "6"]
[White "Sousa, Armindo"]
[Black "Braso, Jorge"]
[Result "0-1"]
[WhiteElo "2230"]
[BlackElo "2245"]

1.e4 c5 2.Nf3 Nc6 3.Nc3 e6 4.d4 cxd4 5.Nxd4 a6 6.Nb3 Qc7 7.Bd3 Nf6 8.O-O Be7
9.f4 d6 10.a3 O-O 11.Qf3 b5 12.Kh1 Bb7 13.Qh3 g6 14.f5 exf5 15.exf5 Ne5 16.Bh6 Rfe8
17.fxg6 hxg6 18.Nd4 Nxd3 19.cxd3 Bc8 20.Qf3 Bb7 21.Qf4 Bd8 22.Rae1 Re5 23.Qg3 Nh5
24.Qf2 Bf6 25.Ne4 Bxe4 26.dxe4 Qd7 27.Qf3 d5 28.g4 dxe4 29.Rxe4 Rxe4 30.Qxe4 Re8
31.Qf3 Ng3+ 32.hxg3 Bxd4 33.Rd1 Qa7 34.Bc1 Qe7 35.b4 Qe4 36.Qxe4 Rxe4 37.g5 f5
38.Bf4 Kf7 39.Kg2 Ke6 40.Kf3 Kd5 41.Rc1 Re6 42.Rc8 Rc6 43.Rd8+ Kc4 44.Bc1 Bc3
45.Ke2 Re6+ 46.Kd1 Kb3 47.Bd2 Bb2 48.Rd3+ Kc4 49.Rf3 Re4 50.Kc2 Bd4 51.Kd1 Be5
52.Bf4 Bc3 53.Be3 Re8 54.Kc2 Be5 55.Bd2 Bd4 56.Rf4 Re5 57.Rf3 Re2 58.Kd1 Rg2
59.Be1 Rh2 60.Bd2 Rf2 61.Rf4 Kd3 62.Bc1  0-1

[Event "Yerevan ol (Men)"]
[Site "Yerevan"]
[Date "1996.??.??"]
[Round "6"]
[White "Santacruz, Cesar S"]
[Black "Al Khateeb, Ahmed"]
[Result "1/2-1/2"]
[WhiteElo "2295"]
[BlackElo "2320"]

1.e4 c5 2.Nf3 e6 3.d4 cxd4 4.Nxd4 Nc6 5.Nc3 Qc7 6.g3 a6 7.Bg2 d6 8.O-O Bd7
9.Re1 Be7 10.Nxc6 Bxc6 11.a4 Nf6 12.a5 O-O 13.Be3 Nd7 14.Na4 f5 15.Nb6 Rae8
16.Nxd7 Qxd7 17.Qd3 fxe4 18.Bxe4 Bxe4 19.Qxe4 Bf6 20.Qb4 d5 21.c3 e5 22.Red1 Qf7
23.Rd2 Rd8 24.Bc5 Bg5 25.Re2 Rfe8 26.Rae1 e4 27.Be3 Re5 28.Bb6 Rf8 29.Bc5 Be7
30.Bxe7 Rxe7 31.Qd4 Qf5 32.c4 dxc4 33.Qxc4+ Kh8 34.b4 h5 35.h4 e3 36.fxe3 Qh3
37.Rg2 Rf3 38.Qd5 Rxg3 39.Qxh5+ Kg8 40.Qd5+ Rf7 41.Qd8+ Kh7 42.Qd3+ g6 43.Qe4 Rxg2+
44.Qxg2 Qxh4 45.Qh2 Qxh2+ 46.Kxh2 Rf2+ 47.Kg3 Rb2 48.Rh1+ Kg7 49.Rh4 Kf6
50.Rd4  1/2-1/2

[Event "Yerevan ol (Men)"]
[Site "Yerevan"]
[Date "1996.??.??"]
[Round "6"]
[White "Reefat bin Satter"]
[Black "Ghorbani, Mohsen"]
[Result "0-1"]
[WhiteElo "2465"]
[BlackElo "2200"]

1.e4 c5 2.Nf3 Nc6 3.Nc3 e6 4.d4 cxd4 5.Nxd4 Qc7 6.Be3 a6 7.Bd3 Nf6 8.O-O Be7
9.Kh1 d6 10.f4 Bd7 11.Nb3 b5 12.a4 b4 13.Ne2 e5 14.a5 O-O 15.Ng3 exf4 16.Bxf4 Rfe8
17.h3 Ne5 18.Nd4 Ng6 19.Qf3 Nxf4 20.Qxf4 Bd8 21.Ndf5 Re5 22.b3 Be6 23.Nd4 Qc3
24.Nxe6 fxe6 25.Rad1 Bc7 26.Qh4 Rf8 27.Bxa6 Rxa5 28.Bc4 d5 29.Bd3 Qe5 30.Rf3 dxe4
31.Bxe4 Ra1  0-1

[Event "Yerevan ol (Men)"]
[Site "Yerevan"]
[Date "1996.??.??"]
[Round "7"]
[White "Damaso, Rui"]
[Black "Berend, Fred"]
[Result "1/2-1/2"]
[WhiteElo "2420"]
[BlackElo "2425"]

1.Nf3 c5 2.e4 e6 3.d4 cxd4 4.Nxd4 Nc6 5.Nc3 a6 6.Bf4 d6 7.Nxc6 bxc6 8.Bc4 Nf6
9.Qe2 Be7 10.O-O-O O-O 11.Rhe1 Qc7 12.e5 Nd5 13.exd6 Nxf4 14.Qe5 Bxd6 15.Rxd6 Ng6
16.Qc5 Bb7 17.Ne4 a5 18.a4 Ne7 19.g3 Ba6 20.Bb3 Rad8 21.Qe5 Rxd6 22.Qxd6 Qxd6
23.Nxd6 Rb8 24.Bc4 Rb6 25.Re3 g6 26.Bxa6 Rxa6 27.Rb3 Nf5 28.Rb8+ Kg7 29.Ne8+ Kh6
30.Rb7 Ra8 31.Nf6 Kg7 32.Nd7 Nd6 33.Rc7 Rd8 34.Nc5 Kf6 35.Rxc6 Kf5 36.Nd3 Ke4
37.Ne1 Nf5 38.Rc4+ Kd5 39.b3 e5 40.Nd3 f6 41.Kd2 g5 42.f3 h5 43.Rc5+ Ke6
44.Rc6+ Kf7 45.c3 g4 46.fxg4 hxg4 47.Rc4 Rh8 48.Rxg4 Rxh2+ 49.Ke1 Rc2 50.Re4 Ke6
51.Nf4+ Kd6 52.Ne2 Rb2 53.b4 Kd5 54.Rg4 Ne3 55.Rg6 Rb1+ 56.Kd2 Nc4+ 57.Kc2 Rb2+
58.Kd1 Ne3+ 59.Ke1 Rb1+ 60.Kd2 Nc4+ 61.Kc2 Rb2+ 62.Kd1 f5 63.bxa5 Ra2 64.a6 Rxa4
65.Nc1 e4 66.Ne2 Ra1+ 67.Kc2 Ra2+ 68.Kb1 Rb2+ 69.Ka1 Rb3 70.Nf4+ Kc5 71.Ne6+ Kd5
72.Nf4+ Kc5 73.Ne6+ Kd5 74.Nf4+ Kc5 75.Ne6+ Kd5 76.Nf4+ Kc5  1/2-1/2

[Event "Yerevan ol (Men)"]
[Site "Yerevan"]
[Date "1996.??.??"]
[Round "7"]
[White "Hutcheson, John"]
[Black "Hamid, Mansour Kadi"]
[Result "0-1"]
[WhiteElo "2250"]
[BlackElo "2300"]

1.e4 c5 2.Nf3 e6 3.d4 cxd4 4.Nxd4 Nc6 5.Nc3 Qc7 6.Be3 a6 7.Be2 Nf6 8.f4 Bb4
9.Bf3 Na5 10.Qd3 Nc4 11.Bc1 e5 12.Ne2 Bc5 13.b3 Nb6 14.fxe5 Qxe5 15.Bf4 Qe6
16.e5 Ng4 17.Ne4 Nxe5 18.Qc3 Nxf3+ 19.gxf3 Bf8 20.Nd4 Qg6 21.Qe3 Bb4+ 22.Nc3+ Kd8
23.O-O-O Re8 24.Bg5+ f6 25.Nc6+ Kc7 26.Bf4+ Kxc6 27.Qd4 Bc5 28.Qd2 Qf5 29.Ne4 Nd5
30.Kb1 Nxf4 31.Nxc5 Qxc5 32.Qxf4 Re2 33.Rd6+ Qxd6 34.Qc4+ Qc5 35.Qxe2 Kc7
36.Rd1 a5 37.Qe4 Ra6 38.Rd4 Rc6  0-1

[Event "Yerevan ol (Women)"]
[Site "Yerevan"]
[Date "1996.??.??"]
[Round "7"]
[White "Aleksieva, Silvia"]
[Black "Arakhamia, Ketevan"]
[Result "0-1"]
[WhiteElo "2335"]
[BlackElo "2455"]

1.e4 c5 2.Nc3 Nc6 3.Nge2 e6 4.d4 cxd4 5.Nxd4 d6 6.Be2 Nf6 7.O-O Be7 8.Be3 a6
9.a4 O-O 10.f4 Qc7 11.Kh1 Re8 12.Bf3 Rb8 13.g4 Nxd4 14.Bxd4 Nd7 15.g5 b5
16.axb5 axb5 17.Ra7 Qd8 18.Bg2 b4 19.Nb1 Bb7 20.Qh5 g6 21.Qh3 e5 22.fxe5 Nxe5
23.Qb3 Rf8 24.Ra4 Bxg5 25.Rxb4 Ba6 26.Rd1 Qc7 27.Nc3 Bc4 28.Qa3 Rxb4 29.Qxb4 Rb8
30.Qa4 Rc8 31.b3 Be6 32.Rf1 Nc6 33.Nb5 Qd8 34.Qa3 Rb8 35.Qa6 Nb4 36.Qa4 Nxc2
37.Ba7 Rc8 38.Qa6 Qd7 39.Rd1 Ne3 40.Bxe3 Bxe3 41.Nxd6 Rd8 42.e5 Bf4 43.Qa5 Bxb3
44.Rd4 Bg5 45.Rd3 Rb8 46.Qc3 Ba4 47.Bf3 Qh3 48.Qe1 Bf4 49.Qg1 Rb1  0-1

[Event "Yerevan ol (Men)"]
[Site "Yerevan"]
[Date "1996.??.??"]
[Round "7"]
[White "Yurtaev, Leonid"]
[Black "Hansen, Curt"]
[Result "1-0"]
[WhiteElo "2515"]
[BlackElo "2595"]

1.e4 c5 2.Nf3 Nc6 3.d4 cxd4 4.Nxd4 e6 5.Nc3 a6 6.Be2 Qc7 7.a3 Nf6 8.Be3 Be7
9.f4 d6 10.O-O O-O 11.Kh1 Nxd4 12.Qxd4 b5 13.Rad1 Bb7 14.Bf3 Rac8 15.Rfe1 Rfd8
16.f5 e5 17.Qb6 Qb8 18.Qa5 Rd7 19.Bb6 h6 20.a4 b4 21.Qxb4 d5 22.Qb3 d4 23.Nd5 Bxd5
24.exd5 a5 25.d6 Qxd6 26.Bxa5 Rb8 27.Qc4 e4 28.Bxe4 Ng4 29.g3 Nf2+ 30.Kg2 Nxd1
31.Rxd1 Rxb2 32.Kh3 Bf6 33.Qc8+ Kh7 34.Bd2 Re7 35.Bd3 Rb8 36.Qc4 Rc7 37.Qa2 Bg5
38.a5 Qc6 39.Bxg5 hxg5 40.Re1 Qf3 41.Rf1 g4+ 42.Kh4 Qg2 43.Kxg4 Rc3 44.Qxf7 Rxd3
45.Rf4 Rd2 46.Kg5 Qxh2 47.Rh4+ Qxh4+ 48.Kxh4 Rxc2 49.f6 Rh2+ 50.Kg5 Rg8 51.Qe7  1-0

[Event "Yerevan ol (Women)"]
[Site "Yerevan"]
[Date "1996.??.??"]
[Round "8"]
[White "Hunt, Harriet"]
[Black "Bojkovic, Natasa"]
[Result "0-1"]
[WhiteElo "2315"]
[BlackElo "2405"]

1.e4 c5 2.Nf3 e6 3.d4 cxd4 4.Nxd4 Nc6 5.Nc3 Qc7 6.Be2 a6 7.O-O Nf6 8.Kh1 Nxd4
9.Qxd4 Bc5 10.Qd3 b5 11.f4 Bb7 12.Bf3 O-O 13.e5 Ne8 14.Bxb7 Qxb7 15.f5 f6
16.fxe6 dxe6 17.Be3 Be7 18.exf6 Nxf6 19.Bd4 Rad8 20.Qe3 Qc6 21.Ne2 Ng4 22.Qg3 Qe4
23.Qd3 Qxd3 24.cxd3 e5 25.h3 Rxf1+ 26.Rxf1 Nf6 27.Bxe5 Rxd3 28.Ng3 Rd5 29.Re1 Bb4
30.Re2 Kf7 31.Kg1 Rd1+ 32.Kh2 Re1 33.a3 Rxe2 34.Nxe2 Ke6 35.Bd4 Bd6+ 36.Kg1 Kd5
37.Kf2 Ke4 38.g4 Kd3 39.Kf3 Ne4 40.h4 Nd2+ 41.Kf2 g6 42.Bg7 Bc5+ 43.Ke1 Nf3+
44.Kd1 Nxh4 45.Nf4+ Ke4 46.Ne6 Bb6 47.Ng5+ Kf4 48.Nxh7 Kxg4 49.Nf6+ Kf3 50.Nd7 Ba7
51.Ne5+ Ke4 52.Nc6 Bb6 53.Nb8 a5 54.Kc2 g5 55.Nd7 Bd4 56.Bxd4 Kxd4 57.Nf6 Nf3
58.b3 Ne5 59.Kd2 g4 60.Nh5 Nf3+ 61.Kc2 Ng5 62.Ng3 Ke3  0-1

[Event "Yerevan ol (Men)"]
[Site "Yerevan"]
[Date "1996.??.??"]
[Round "8"]
[White "Kuczynski, Robert"]
[Black "Franzoni, Giancarlo"]
[Result "1/2-1/2"]
[WhiteElo "2510"]
[BlackElo "2460"]

1.e4 c5 2.Nf3 e6 3.d4 cxd4 4.Nxd4 Nc6 5.Nc3 Qc7 6.Be2 a6 7.O-O Nf6 8.Be3 Bb4
9.Na4 Be7 10.c4 Nxe4 11.c5 O-O 12.Rc1 Rb8 13.g3 f5 14.Bd3 Ng5 15.f4 Nf7 16.Nb6 Nxd4
17.Bxd4 d6 18.cxd6 Qxd6 19.Bc4 Bd8 20.Nxc8 Rxc8 21.Bf2 Re8 22.Qb3 Qe7 23.Rce1 Rc6
24.Bd5 Rd6 25.Bxb7 Bb6 26.Bf3 Qa7 27.Bxb6 Qxb6+ 28.Qxb6 Rxb6 29.Rf2 Rd8 30.Rfe2 Rdd6
31.Rc1 g6 32.Rc7 Kg7 33.Rec2 Kf6 34.Be2 h5 35.Ra7 Nd8 36.Kf2 e5 37.fxe5+ Kxe5
38.Rc5+ Kf6 39.Rc2 Nc6 40.Ra8 Nb4 41.Rf8+ Kg7 42.Rcc8 Nd3+ 43.Bxd3 Rxd3 44.Rg8+ Kf6
45.Rc2 Kg5 46.Rgc8 Rbd6 47.Re2 h4 48.Rc4 hxg3+ 49.hxg3 R6d4 50.Rxd4 Rxd4
51.Re6 Rd2+ 52.Kf3 Rxb2 53.Rxa6 Rc2 54.Ra4 Rc3+  1/2-1/2

[Event "Yerevan ol (Men)"]
[Site "Yerevan"]
[Date "1996.??.??"]
[Round "8"]
[White "Valiente, Cristobal"]
[Black "Cummings, David H"]
[Result "0-1"]
[WhiteElo "2390"]
[BlackElo "2360"]

1.e4 c5 2.Nf3 e6 3.d4 cxd4 4.Nxd4 Nc6 5.Nc3 Qc7 6.Be2 a6 7.O-O Nf6 8.Be3 Bb4
9.Na4 Be7 10.c4 Nxe4 11.c5 O-O 12.Rc1 Rb8 13.Re1 f5 14.g3 f4 15.gxf4 Rxf4
16.Nxc6 bxc6 17.Bxf4 Qxf4 18.Bf3 Nxf2 19.Kxf2 Bh4+ 20.Kg2 Bxe1 21.Qxe1 Qxa4
22.Qe5 d6 23.Qxd6 Rxb2+ 24.Kh1 Qh4 25.Rg1 g6 26.Bxc6 Rxa2 27.Rd1 Rf2 28.Ba8 Bd7
29.Qb8+ Rf8 30.Qe5 Qg4 31.Rg1 Qf5 32.Qxf5 exf5 33.Bd5+ Kg7 34.c6 Bc8 35.Ra1 Kf6
36.Bc4 Ke5 37.Bxa6 Bxa6 38.Rxa6 Rf7 39.Rb6 Kd6 40.Ra6 Rc7 41.Kg2 Rxc6 42.Ra7 Rc7
43.Ra6+ Ke7 44.h4 Rc4 45.h5 Rh4 46.hxg6 Rg4+ 47.Kf3 hxg6  0-1

[Event "Yerevan ol (Men)"]
[Site "Yerevan"]
[Date "1996.??.??"]
[Round "8"]
[White "Hakki, Imad"]
[Black "Al Modiahki, Mohamad"]
[Result "1-0"]
[WhiteElo "2380"]
[BlackElo "2420"]

1.e4 c5 2.Nf3 e6 3.d4 cxd4 4.Nxd4 Nc6 5.Nc3 Qc7 6.Be3 a6 7.Bd3 Nf6 8.O-O Ne5
9.h3 Bc5 10.f4 Ng6 11.Qd2 d6 12.Kh1 O-O 13.Nf3 b5 14.f5 Bxe3 15.Qxe3 exf5
16.exf5 Ne7 17.Nh2 Bb7 18.Ng4 Nxg4 19.hxg4 Rae8 20.Qg3 f6 21.Rae1 Nc6 22.Be4 Ne5
23.Nd5 Qf7 24.Nf4 Bxe4 25.Rxe4 Nc4 26.Re6 g5 27.Rxe8 Rxe8 28.Ne6 h5 29.Rd1 Rc8
30.b3 Ne5 31.Rxd6 Qe7 32.Rd2 Qb4 33.Qf2 Qxg4 34.Rd4  1-0

[Event "Yerevan ol (Men)"]
[Site "Yerevan"]
[Date "1996.??.??"]
[Round "9"]
[White "Situru, Nathanael"]
[Black "Saltaev, Mihail"]
[Result "1-0"]
[WhiteElo "2385"]
[BlackElo "2535"]

1.e4 c5 2.Nf3 e6 3.d4 cxd4 4.Nxd4 Nc6 5.Nc3 d6 6.f4 Nf6 7.Nb3 a6 8.Qf3 Bd7
9.Be3 b5 10.a3 Be7 11.g4 b4 12.axb4 Nxb4 13.O-O-O Bc6 14.g5 Nd7 15.h4 Qc7
16.Nd4 Bb7 17.h5 Nc5 18.g6 O-O 19.h6 hxg6 20.Qh3 Nxe4 21.hxg7 Kxg7 22.Nf5+ Kf6
23.Nxe4+  1-0

[Event "Yerevan ol (Women)"]
[Site "Yerevan"]
[Date "1996.??.??"]
[Round "9"]
[White "De Pool, T."]
[Black "Hernandez, Yadira"]
[Result "1/2-1/2"]
[WhiteElo "2035"]
[BlackElo "2240"]

1.e4 c5 2.Nf3 e6 3.d4 cxd4 4.Nxd4 Nc6 5.Nc3 Qc7 6.Be3 a6 7.Be2 Nf6 8.Qd2 Bb4
9.f3 d5 10.Nxc6 bxc6 11.exd5 Nxd5 12.O-O Nxe3 13.Qxe3 O-O 14.Kh1 e5 15.Ne4 Rb8
16.Bc4 Be7 17.b3 Qb6 18.Rfe1 Kh8 19.Qxb6 Rxb6 20.c3 f5 21.Nf2 Bf6 22.Re3 f4
23.Re2 Bf5 24.Rd1 a5 25.Nd3 e4 26.Nxf4 exf3 27.gxf3 Bxc3 28.Be6 Rb5 29.Rc1 Be5
30.Rc4 g6 31.Bxf5 Rxf5 32.Nd3 Bf6 33.Rxc6 Rxf3 34.Rc7 Rb8 35.Rf2 Rxf2 36.Nxf2 Be5
37.Re7 Bd6 38.Rd7 Be5 39.Ne4 Bg7 40.Kg2 Rc8 41.Rd2 h5 42.Nd6 Rc5 43.Ne4 Re5
44.Nd6 Kh7 45.Nc4 Rg5+ 46.Kf1 h4 47.Rg2 Rf5+ 48.Rf2 Rd5 49.Rd2 Rc5 50.Rc2 Bd4
51.Re2 g5 52.h3 Kg6 53.Kg2 Rf5 54.Re6+ Kh5 55.Re2 Ba7 56.Ne5 Bc5 57.Ng4 Kg6
58.Re6+ Kg7 59.Re5 Rxe5 60.Nxe5 Bd4 61.Nc6 Bc3 62.Kf3 Kf6 63.Kg4 Bd2 64.a3 Ke6
65.Nxa5 Bxa5 66.Kxg5 Bd8+ 67.Kg4 Kd5 68.Kf3 Kd4 69.Kf2  1/2-1/2

[Event "Yerevan ol (Men)"]
[Site "Yerevan"]
[Date "1996.??.??"]
[Round "10"]
[White "Stevanovic, Nedjo"]
[Black "Schinis, Mario"]
[Result "1/2-1/2"]
[WhiteElo "2095"]
[BlackElo "2210"]

1.e4 c5 2.Nf3 Nc6 3.Nc3 e6 4.d4 cxd4 5.Nxd4 Nf6 6.Ndb5 d6 7.Bf4 e5 8.Bg5 a6
9.Na3 Be6 10.Nc4 Rc8 11.Bxf6 gxf6 12.Bd3 Bh6 13.Qh5 Bg7 14.O-O Ne7 15.Ne3 Qb6
16.Ncd5 Bxd5 17.exd5 Ng6 18.b3 O-O 19.Qf5 Qd4 20.Be4 Rc3 21.Rad1 Qb6 22.Ng4 Qd8
23.h4 Qc8 24.Qh5 Re8 25.Ne3 Qc5 26.Rfe1 Kh8 27.Qg4 Qc8 28.Nf5 Rg8 29.h5 Bf8
30.hxg6 fxg6 31.Qh4 gxf5 32.Qxf6+ Bg7 33.Qxf5 Qxf5 34.Bxf5 Bf6 35.a4 Bd8
36.g3 Bb6 37.Kg2 Kg7 38.Rh1 h6 39.Bd3 Rf8 40.Rd2 Bd8 41.Re2 Bg5 42.Re4 Rf7
43.Rg4 Rc8 44.Rf1 Rcf8 45.Be4 Rf6 46.f3 R8f7 47.Bd3 Kf8 48.Rc4 Ke7 49.Be4 Kd8
50.Rd1 Rc7 51.Rxc7 Kxc7 52.Rd3 Rf8 53.Kh3 Rg8 54.Rc3+ Kb8 55.Bf5 Bd2 56.Rc4 Be1
57.g4 Bd2 58.Kg3 Bg5 59.Kf2 Rf8 60.Be6 a5 61.Ke2 Bc1  1/2-1/2

[Event "Yerevan ol (Men)"]
[Site "Yerevan"]
[Date "1996.??.??"]
[Round "10"]
[White "Rogers, Ian"]
[Black "Godena, Michele"]
[Result "1-0"]
[WhiteElo "2575"]
[BlackElo "2550"]

1.e4 c5 2.Nf3 e6 3.d4 cxd4 4.Nxd4 Nc6 5.Nc3 Qc7 6.Be2 a6 7.O-O Nf6 8.Kh1 Bb4
9.Nxc6 dxc6 10.f4 e5 11.fxe5 Bxc3 12.bxc3 Qxe5 13.Bf4 Qe6 14.Bg5 O-O 15.Bxf6 gxf6
16.Qd4 Kg7 17.Rf4 Qe5 18.Raf1 c5 19.Qf2 Be6 20.Rh4 Rg8 21.Rh5 Qxc3 22.Rxc5 Qb2
23.Bd3 Kh8 24.Rh5 Rg7 25.Qh4 Rc8 26.h3 Kg8 27.Rxf6 Bxh3 28.Qxh3  1-0

[Event "Yerevan ol (Women)"]
[Site "Yerevan"]
[Date "1996.??.??"]
[Round "10"]
[White "Wang Pin"]
[Black "Sheldon, Ruth"]
[Result "1/2-1/2"]
[WhiteElo "2345"]
[BlackElo "2230"]

1.e4 c5 2.Nf3 e6 3.d4 cxd4 4.Nxd4 Nc6 5.Nc3 Qc7 6.Be2 a6 7.O-O Nf6 8.Be3 Bb4
9.Na4 Be7 10.Nxc6 bxc6 11.Nb6 Rb8 12.Nxc8 Qxc8 13.e5 Nd5 14.Bc1 Bc5 15.c4 Ne7
16.b3 O-O 17.Qd3 Qc7 18.Bb2 a5 19.Bd1 Rfd8 20.Bc2 Ng6 21.Qe4 d5 22.exd6 Bxd6
23.g3 a4 24.Rad1 axb3 25.axb3 Ra8 26.Kg2 Ra2 27.Qd4 e5 28.Qc3 Rb8 29.Bb1 Bb4
30.Qc2 Raa8 31.h4 Re8 32.Qf5 Re6 33.h5 Nf8 34.Rd3 Ra5 35.Qg4 f5 36.Qg5 e4
37.Rdd1 f4 38.Qxf4 Qxf4 39.gxf4 Rxh5 40.Rg1 Ng6 41.Rd4 e3 42.fxe3 Rxe3 43.Re4 Rxb3
44.Bd4 Rhh3 45.Re8+ Kf7 46.Bxg6+ hxg6 47.Rc8 Rhg3+ 48.Kh2 Rh3+ 49.Kg2 Rhg3+  1/2-1/2

[Event "Yerevan ol (Men)"]
[Site "Yerevan"]
[Date "1996.??.??"]
[Round "10"]
[White "Reefat bin Satter"]
[Black "Franzoni, Giancarlo"]
[Result "1-0"]
[WhiteElo "2465"]
[BlackElo "2460"]

1.e4 c5 2.Nf3 e6 3.d4 cxd4 4.Nxd4 Nc6 5.Nc3 Qc7 6.Be2 a6 7.O-O Nf6 8.Kh1 Bb4
9.Bg5 Bxc3 10.Bxf6 gxf6 11.bxc3 Ne7 12.Qd2 d5 13.exd5 Nxd5 14.Qh6 Qf4 15.Qg7 Rf8
16.Rad1 Bd7 17.Bf3 O-O-O 18.Bxd5 exd5 19.Qg3 Qg5 20.Qd6 Rg8 21.g3 Qe5 22.Qb6 Bh3
23.Rfe1 Qd6 24.Rb1 Qxb6 25.Rxb6 Rge8 26.Reb1 Rd7 27.Kg1 Rc7 28.f3 Be6 29.Kf2 Ree7
30.R1b3 Rc4 31.Ke3 Bd7+ 32.Kd2 Bc6 33.Nxc6 Rxc6 34.Rxc6+ bxc6 35.Rb6 Kc7
36.Rxa6 Kd6 37.Ra4 f5 38.c4 dxc4 39.Rxc4 Ra7 40.a4 f6 41.Rb4 Kd5 42.Kc3 c5
43.Rf4 Ke5 44.Kb2 Ra8 45.Ka3 Ra6 46.Rc4 Kd5 47.Rf4 Ke5 48.Rc4 Kd5 49.Rh4 Ra7
50.Rh5 Kd4 51.Rxf5 Ra6 52.g4 Re6 53.a5 Kc4  1-0

[Event "Yerevan ol (Men)"]
[Site "Yerevan"]
[Date "1996.??.??"]
[Round "10"]
[White "Ostos, Julio"]
[Black "Morovic Fernandez, Ivan"]
[Result "0-1"]
[WhiteElo "2300"]
[BlackElo "2590"]

1.e4 c5 2.Nf3 e6 3.d4 cxd4 4.Nxd4 Nc6 5.Nc3 a6 6.Be2 Qc7 7.O-O Nf6 8.Kh1 Bc5
9.Be3 Ne7 10.f4 d6 11.Qe1 O-O 12.Rd1 b5 13.e5 dxe5 14.fxe5 Nfd5 15.Nxd5 Nxd5
16.Bf3 Nxe3 17.Qxe3 Bb7 18.Bxb7 Qxb7 19.Rf4 Rfd8 20.Rg4 g6 21.Rf1 Bxd4 22.Rxd4 Rxd4
23.Qxd4 Qc7 24.c3 Rd8 25.Qf4 f5 26.h3 Rd5 27.Re1 Qd8 28.a4 g5 29.Qc1 Rd2
30.c4 bxc4 31.Qxc4 Kf7 32.Qxa6 Rxb2 33.Qc4 Qa5 34.Re2 Rb4 35.Qc8 Rb1+ 36.Kh2 Qa7
37.Rf2 Rb8 38.Qc2 Rb7 39.Rd2 Rc7 40.Qd1 Kg7 41.Rd6 Qe3 42.Rd7+ Kg6 43.Rxc7 Qxe5+
44.Kh1 Qxc7 45.Qa1 Qa5 46.Qh8 Qxa4 47.Qg8+ Kf6 48.Qh8+ Ke7 49.Qg7+ Kd6 50.Qxg5 Qa1+
51.Kh2 Qh8 52.Qd2+ Ke7 53.Qb4+ Kf7 54.Qb7+ Kg6 55.Qc7 Qf6 56.Qg3+ Kf7 57.Qc7+ Qe7
58.Qe5 h5 59.Kh1 h4 60.Qh8 Qf6 61.Qh7+ Kf8 62.Kg1 e5 63.Kf2 e4 64.Qd7 Kg8
65.Kf1 Qg5 66.Qe8+ Kg7 67.Qd7+ Kh6 68.Qe6+ Kh5 69.Kf2 Qd2+ 70.Kf1 Qd1+ 71.Kf2 Qd4+
72.Kf1 Kg5 73.Qe7+ Qf6 74.Qc5 Qa1+ 75.Kf2 Qb2+ 76.Kf1 Kf4 77.Qd6+ Ke3 78.Qc5+ Kd3
79.Qxf5 Qd4 80.Qh7 Kd2 81.Qh6+ e3 82.Qa6 Qd3+  0-1